LEADER 00923nam0-2200337---450- 001 990009402050403321 005 20111005151425.0 035 $a000940205 035 $aFED01000940205 035 $a(Aleph)000940205FED01 035 $a000940205 100 $a20110721d1967----km-y0itay50------ba 101 0 $aita 102 $aIT 105 $aa-------001yy 200 1 $aCompendio di citologia e istologia$fSilvano Leghissa 205 $aRist. riveduta della 1. ed. 210 $aTorino$cUtet$dstampa 1967 215 $axi, 696 p.$cill.$d25 cm 610 0 $aCitologia$aIstologia 676 $a611.018 700 1$aLeghissa,$bSilvano$069867 801 0$aIT$bUNINA$gRICA$2UNIMARC 901 $aBK 912 $a990009402050403321 952 $aIIId C 242$b8566$fDMVSF 952 $a56 D 7$bs.i.$fDMVAP 959 $aDMVSF 959 $aDMVAP 996 $aCompendio di citologia e istologia$9367214 997 $aUNINA LEADER 03112nam 22004815 450 001 9910254285503321 005 20251116191502.0 010 $a3-319-62310-9 024 7 $a10.1007/978-3-319-62310-8 035 $a(CKB)4100000000881620 035 $a(DE-He213)978-3-319-62310-8 035 $a(MiAaPQ)EBC5117960 035 $a(PPN)220125325 035 $a(EXLCZ)994100000000881620 100 $a20171031d2017 u| 0 101 0 $aeng 135 $aurnn#008mamaa 181 $ctxt$2rdacontent 182 $cc$2rdamedia 183 $acr$2rdacarrier 200 10$aStochastic processes /$fby Andrei N Borodin 205 $a1st ed. 2017. 210 1$aCham :$cSpringer International Publishing :$cImprint: Birkhäuser,$d2017. 215 $a1 online resource (XIV, 626 p. 1 illus.) 225 1 $aProbability and Its Applications,$x2297-0371 311 08$a3-319-62309-5 320 $aIncludes bibliographical references and index. 327 $aPreface -- Notations -- Basic facts -- Stochastic calculus -- Distributions of functionals of Brownian motion -- Diffusion processes -- Brownian local time -- Diffusions with jumps -- Invariance principle for random walks and local times -- Appendix 1. Heat transfer problem -- Appendix 2. Special functions -- Appendix 3. Inverse Laplace transforms -- Appendix 4. Differential equations and their solutions -- Appendix 5. Examples of transformations of measures associated with diffusion processes -- Appendix 6. Formulae for n-fold differentiation -- Bibliography -- Subject index. 330 $aThis book provides a rigorous yet accessible introduction to the theory of stochastic processes. A significant part of the book is devoted to the classic theory of stochastic processes. In turn, it also presents proofs of well-known results, sometimes together with new approaches. Moreover, the book explores topics not previously covered elsewhere, such as distributions of functionals of diffusions stopped at different random times, the Brownian local time, diffusions with jumps, and an invariance principle for random walks and local times. Supported by carefully selected material, the book showcases a wealth of examples that demonstrate how to solve concrete problems by applying theoretical results. It addresses a broad range of applications, focusing on concrete computational techniques rather than on abstract theory. The content presented here is largely self-contained, making it suitable for researchers and graduate students alike. 410 0$aProbability and Its Applications,$x2297-0371 606 $aProbabilities 606 $aProbability Theory and Stochastic Processes$3https://scigraph.springernature.com/ontologies/product-market-codes/M27004 615 0$aProbabilities. 615 14$aProbability Theory and Stochastic Processes. 676 $a519.2 700 $aBorodin$b A. N.$4aut$4http://id.loc.gov/vocabulary/relators/aut$057188 801 0$bMiAaPQ 801 1$bMiAaPQ 801 2$bMiAaPQ 906 $aBOOK 912 $a9910254285503321 996 $aStochastic Processes$91562456 997 $aUNINA